000
00317nam a2200145 a 4500
008
961031s1987||||xx 0 und c
040
_a
SNK
_b
slo
_c
SNK
_e
AACR2
100
1
_a
Frýbová, Zdena
245
1
0
_a
Robin
260
_a
Praha
_b
Práce
_c
1987
300
_a
195 s.
020
_c
23
044
_a
CZ
041
_a
cze
999
_c
10699
_d
10699